Top 50 soccer defenders- all time - Statistics

General Stats
  • This quiz has been taken 306 times
  • The average score is 13 of 50
Answer Stats
Pos. Player Score Team % Correct
33 Cesare Maldini 43 AC Milan
95%
1 Paolo Maldini 148 AC Milan
95%
41 Sergio Ramos 34 Real Madrid
81%
1 Franz Beckenbauer 148 Bayern Munich
77%
9 Alessandro Nesta 109 AC Milan
68%
3 Franco Baresi 144 AC Milan
65%
16 Fabio Cannavaro 80 Parma
60%
19 Roberto Carlos 69 Real Madrid
56%
36 Gerard Pique 38 Barcelona
54%
11 Cafu 90 Roma
51%
4 Bobby Moore 141 West Ham United
49%
28 Javier Zanetti 52 Inter Milan
43%
26 Ronald Koeman 54 Barcelona
43%
33 Fernando Hierro 43 Real Madrid
34%
50 Marcel Desailly 28 Nantes
32%
10 Lilian Thuram 100 Parma
31%
13 Carlos Alberto 84 Santos
30%
47 Laurent Blanc 30 Montpellier
28%
41 Lucio 34 Bayern Munich
26%
25 Alessandro Costacurta 57 AC Milan
22%
5 Daniel Passarella 133 River Plate
22%
5 Giacinto Facchetti 133 Inter Milan
22%
22 Matthias Sammer 66 Borussia Dortmund
22%
16 Gaetano Scirea 80 Juventus
17%
20 Giuseppe Bergomi 68 Inter Milan
17%
23 Djalma Santos 62 Palmeiras
15%
7 Ruud Krol 126 Ajax
15%
35 Andreas Brehme 42 1. FC Kaiserslautern
14%
37 Lothar Matthaus 37 Bayern Munich
14%
8 Nilton Santos 111 Botafogo
14%
12 Claudio Gentile 89 Juventus
13%
31 Antonio Cabrini 49 Juventus
12%
14 Alan Hansen 81 Liverpool
11%
21 Berti Vogts 67 Borussia Monchengladbach
11%
32 Frank Rijkaard 45 Ajax
10%
28 Jurgen Kohler 52 Borussia Dortmund
10%
27 Billy Wright 53 Wolverhampton Wanderers
8%
14 Elias Figueroa 81 Internacional (Porto Alegre)
8%
40 Mauro Tassotti 36 AC Milan
8%
44 Aldair 33 Roma
7%
24 Jose Leandro Andrade 61 Nacional (Uruguay)
6%
18 Karl-Heinz Schnellinger 79 AC Milan
6%
28 Jose Santamaria 52 Real Madrid
5%
37 Marius Tresor 37 Marseille
5%
41 Leovegildo Junior 34 Flamengo
4%
46 Manfred Kaltz 32 Hamburger SV
4%
47 Hans-Peter Briegel 30 1. FC Kaiserslautern
3%
49 Billy McNeill 28 Celtic
2%
37 Fulvio Collovati 37 AC Milan
2%
44 Hector Chumpitaz 33 Universitario (Lima)
2%
No matching quizzes found
Score Distribution
Percent of People with Each Score
Percentile by Number Answered
Your Score History
You have not taken this quiz